00646nam a22001817a 450000500170000001000280001702000260004503500170007103500140008803700190010208200110012110000250013224500710015726000960022827000590032430000400038350000410042320250214112831.0 aB-680850-871 ENG-143798 a9788123022727c720.00 aB-680850-871 aEN-127330 bBookwell adpl a954.56 aGupta, Subhadara Sen aRashtrapati Bhawan: bfrom raj to swaraj/cby Subhadara Sen Gupta  aNew DelhibPublication Division Minstry of Information and Broadcasting Govt Of Indiac2016 a24/4800,Ansari Road , Daraya Ganj ,bNew Delhie110002 a136p. :bill. (col pic.)c26cm(pbk) aIncludes bibliographical references